La gata Clea / (Registro nro. 6825)

Detalles MARC
000 -LEADER
fixed length control field 01095nam a22002777a 4500
003 - CONTROL NUMBER IDENTIFIER
control field OSt
005 - DATE AND TIME OF LATEST TRANSACTION
control field 20200907150304.0
008 - FIXED-LENGTH DATA ELEMENTS--GENERAL INFORMATION
fixed length control field 200907b2013 ck p|||br|||| 00| 0dspa d
022 ## - INTERNATIONAL STANDARD SERIAL NUMBER
Source 9583011037
040 ## - CATALOGING SOURCE
Original cataloging agency CO-JMCR
Transcribing agency CO-JMCR
041 0# - LANGUAGE CODE
Language code of text/sound track or separate title spa
082 04 - DEWEY DECIMAL CLASSIFICATION NUMBER
Classification number C /
Item number PERg
Edition number 23
100 1# - MAIN ENTRY--PERSONAL NAME
Personal name Peralta, Maria del Sol,
Relator term autora
9 (RLIN) 9900
245 13 - TITLE STATEMENT
Title La gata Clea /
Statement of responsibility, etc. Maria del Sol Peralta ; ilustraciones Esperanza Vallejo
260 ## - PUBLICATION, DISTRIBUTION, ETC.
Place of publication, distribution, etc. Bogotá :
Name of publisher, distributor, etc. Panamericana,
Date of publication, distribution, etc. 2013.
300 ## - PHYSICAL DESCRIPTION
Extent [23] páginas ;
Other physical details ilustraciones a color ;
Dimensions 16 X 23 cm.
490 1# - SERIES STATEMENT
Series statement Que pase el tren
500 ## - GENERAL NOTE
General note Datos biográficos de los autores en solapas.
520 0# - SUMMARY, ETC.
Summary, etc. Ahora si estoy segura de que de que los gatos tienen siete vidas. Frida, mi pequeña gata, dejo dejo todas sus vidas cuando callo desde el séptimo piso hasta el primer piso del edificio.
521 ## - TARGET AUDIENCE NOTE
Target audience note Infantil.
650 24 - SUBJECT ADDED ENTRY--TOPICAL TERM
Source of heading or term Cuentos infantiles
Form subdivision Literatura juvenil
Geographic subdivision Colombiano
9 (RLIN) 9901
650 24 - SUBJECT ADDED ENTRY--TOPICAL TERM
Source of heading or term Materiales en español.
650 24 - SUBJECT ADDED ENTRY--TOPICAL TERM
Source of heading or term Cuentos infantiles colombianos
700 1# - ADDED ENTRY--PERSONAL NAME
Personal name Vallejo, Esperanza,
Relator term ilustradora
9 (RLIN) 9902
942 ## - ADDED ENTRY ELEMENTS (KOHA)
Source of classification or shelving scheme Dewey Decimal Classification
Koha item type Books
Existencias
Withdrawn status Lost status Source of classification or shelving scheme Damaged status Not for loan Home library Current library Shelving location Date acquired Source of acquisition Total Checkouts Total Renewals Full call number Barcode Date last seen Date last checked out Copy number Price effective from Koha item type Public note
    Dewey Decimal Classification     Biblioteca Pública José María del Castillo y Rada Biblioteca Pública José María del Castillo y Rada General Stacks 04/15/2018 Donación 6 1 C / PERg 201809828 11/27/2025 11/27/2025 Ej.1 04/15/2018 Books Exlibris: David Fernando Pardo Guerra 2012.